[Event "Alberta-ch U20"]
[Site "Red Deer CAN"]
[Date "2002.11.02"]
[Round "1"]
[White "Rajchel, John"]
[Black "Pradhan, Sarah"]
[Result "1-0"]
[WhiteElo "1750"]
[BlackElo "890"]
[PlyCount "83"]
[EventDate "2002.11.02"]
[EventType "swiss"]
[EventRounds "5"]
[EventCountry "CAN"]

1. e4 e5 2. Nf3 Nc6 3. Bb5 Nf6 4. d3 a6 5. Bxc6 dxc6 6. Nxe5 Qe7 7. Nf3 Bg4 8.
h3 Bxf3 9. Qxf3 h6 10. O-O Qe6 11. Bf4 Qd7 12. Nc3 Bb4 13. Ne2 O-O 14. Qg3 g6
15. Bxh6 Rfe8 16. Bf4 Rac8 17. a3 Bc5 18. Be3 Bd6 19. f4 Nh5 20. Qg4 Qxg4 21.
hxg4 Bxf4 22. Bxf4 Nxf4 23. Rxf4 g5 24. Rf5 Kg7 25. Rxg5+ Kf6 26. Rf5+ Ke7 27.
Raf1 Rf8 28. g5 Ke6 29. Nf4+ Ke7 30. g6 b6 31. gxf7 Rxf7 32. Ng6+ Ke8 33. Rxf7
Kd8 34. Rf8+ Kd7 35. R1f7+ Kd6 36. Rxc8 Ke6 37. Rcxc7 Kd6 38. d4 c5 39. c3 cxd4
40. cxd4 b5 41. Nf4 a5 42. e5# 1-0

[Event "Alberta-ch U20"]
[Site "Red Deer CAN"]
[Date "2002.11.02"]
[Round "2"]
[White "Canal, Richard"]
[Black "Gagnon, Josh"]
[Result "0-1"]
[WhiteElo "1817"]
[BlackElo "1652"]
[PlyCount "54"]
[EventDate "2002.11.02"]
[EventType "swiss"]
[EventRounds "5"]
[EventCountry "CAN"]

1. d4 Nf6 2. c4 g6 3. f3 d5 4. cxd5 Nxd5 5. e4 Nf6 6. Nc3 Bg7 7. Bc4 Nbd7 8.
Bg5 b6 9. e5 Ng8 10. Qb3 Nh6 11. Bxh6 Bxh6 12. Bxf7+ Kf8 13. Bd5 Rb8 14. Qa3 a5
15. Ne4 Nxe5 16. dxe5 Qxd5 17. Qc3 Bg7 18. Qxc7 Bxe5 19. Qc2 Ba6 20. Rd1 Qxa2
21. Nc3 Rc8 22. Rd8+ Kf7 23. Rxh8 Bxh8 24. Qxg6+ hxg6 25. Nxa2 Bxb2 26. Ne2 Rc2
27. Ng3 Be5 0-1

[Event "Alberta-ch U20"]
[Site "Red Deer CAN"]
[Date "2002.11.02"]
[Round "2"]
[White "Dinca, Cornelia"]
[Black "Adolph, Joel"]
[Result "1/2-1/2"]
[WhiteElo "1672"]
[BlackElo "1793"]
[PlyCount "31"]
[EventDate "2002.11.02"]
[EventType "swiss"]
[EventRounds "5"]
[EventCountry "CAN"]

1. e4 e6 2. d4 d5 3. exd5 exd5 4. Bd3 Bd6 5. Nf3 c6 6. O-O Ne7 7. Re1 O-O 8.
Bg5 Re8 9. Nbd2 f6 10. Bf4 Bf5 11. Nf1 Bg6 12. Bg3 Bxg3 13. Nxg3 Nd7 14. Bxg6
Nxg6 15. Rxe8+ Qxe8 16. c3 1/2-1/2

[Event "Alberta-ch U20"]
[Site "Red Deer CAN"]
[Date "2002.11.02"]
[Round "2"]
[White "Eshleman, Brandon"]
[Black "Rajchel, John"]
[Result "1-0"]
[WhiteElo "1923"]
[BlackElo "1750"]
[PlyCount "85"]
[EventDate "2002.11.02"]
[EventType "swiss"]
[EventRounds "5"]
[EventCountry "CAN"]

1. e4 e5 2. Nf3 Nc6 3. Bc4 Be7 4. d4 d6 5. O-O Nf6 6. dxe5 Nxe5 7. Nxe5 dxe5 8.
Qxd8+ Bxd8 9. Nc3 c6 10. Be3 O-O 11. f3 Bb6 12. Bxb6 axb6 13. Rad1 b5 14. Bb3
Re8 15. Rd6 Be6 16. Bxe6 Rxe6 17. Rxe6 fxe6 18. a3 Rd8 19. Rd1 Rxd1+ 20. Nxd1
Kf7 21. Kf2 Ke7 22. Ke3 Nd7 23. b4 Nb6 24. Nb2 Kd6 25. Kd3 Na4 26. Nd1 b6 27.
c3 c5 28. Kc2 c4 29. Nf2 g6 30. Nh3 h5 31. Ng5 Ke7 32. g3 Kf6 33. h4 Ke7 34. f4
exf4 35. gxf4 Kf6 36. Nf3 Ke7 37. e5 Kd7 38. Ng5 Ke7 39. Ne4 Kd7 40. Nd6 Kc6
41. Nf7 Kd5 42. Ng5 Kc6 43. Nxe6 1-0

[Event "Alberta-ch U20"]
[Site "Red Deer CAN"]
[Date "2002.11.02"]
[Round "2"]
[White "Kazakevich, Anastasia"]
[Black "Kazmaier, Daniel"]
[Result "0-1"]
[WhiteElo "1842"]
[BlackElo "1793"]
[PlyCount "134"]
[EventDate "2002.11.02"]
[EventType "swiss"]
[EventRounds "5"]
[EventCountry "CAN"]

1. d4 Nf6 2. c4 g6 3. Nc3 d5 4. cxd5 Nxd5 5. e4 Nxc3 6. bxc3 Bg7 7. Nf3 c5 8.
Be3 O-O 9. Be2 Nc6 10. O-O Bg4 11. d5 Ne5 12. Nxe5 Bxe2 13. Qxe2 Bxe5 14. Bxc5
Bxc3 15. Rac1 Bg7 16. Qe3 b6 17. Bd4 Bxd4 18. Qxd4 Qd7 19. Rc3 Rfd8 20. Rfc1
Rac8 21. g3 Rxc3 22. Qxc3 e6 23. dxe6 Qxe6 24. Qc4 Rd1+ 25. Kg2 Rxc1 26. Qxc1
Qxa2 27. Qc8+ Kg7 28. Qc3+ f6 29. Qc7+ Qf7 30. Qb8 Qd7 31. h4 b5 32. Kh2 a5 33.
e5 a4 34. exf6+ Kxf6 35. Qf4+ Qf5 36. Qd6+ Kg7 37. Qe7+ Kh6 38. Qe3+ g5 39.
hxg5+ Kg6 40. Qe8+ Kxg5 41. Qe3+ Kf6 42. Qb6+ Ke7 43. Qc7+ Qd7 44. Qe5+ Kf7 45.
Qh5+ Ke6 46. Qg4+ Kd6 47. Qd4+ Kc6 48. Qc3+ Kb6 49. Qe3+ Ka5 50. Qc3+ Kb6 51.
Qe3+ Kb7 52. Qe4+ Ka6 53. Qa8+ Kb6 54. Qb8+ Ka5 55. Qa8+ Kb4 56. Qe4+ Kc3 57.
Qe3+ Qd3 58. Qe1+ Kb3 59. Qe6+ Ka3 60. Qe7+ b4 61. Qc5 Qd2 62. Qf5 b3 63. Qc5+
Ka2 64. Qc4 Qxf2+ 65. Kh3 Qc2 66. Qb4 a3 67. Qd4 b2 0-1

[Event "Alberta-ch U20"]
[Site "Red Deer CAN"]
[Date "2002.11.02"]
[Round "2"]
[White "Pradhan, Sarah"]
[Black "Pradhan, Faruq"]
[Result "0-1"]
[WhiteElo "890"]
[BlackElo "1182"]
[PlyCount "72"]
[EventDate "2002.11.02"]
[EventType "swiss"]
[EventRounds "5"]
[EventCountry "CAN"]

1. e4 e5 2. Bc4 Nf6 3. Nf3 Nc6 4. Ng5 d5 5. Bd3 dxe4 6. Bxe4 Nxe4 7. Nxe4 Bf5
8. Nec3 Be4 9. Nxe4 Bd6 10. Nxd6+ Qxd6 11. b3 O-O 12. O-O e4 13. d3 exd3 14.
Qxd3 Qxd3 15. cxd3 Rfd8 16. Rd1 Ne5 17. d4 Nc6 18. d5 Ne7 19. Bg5 f6 20. Bf4 c6
21. d6 Nd5 22. Bg3 Rd7 23. Na3 Rad8 24. Rd3 Nb6 25. Rc1 Nc8 26. Bf4 Nxd6 27.
Bxd6 Rxd6 28. Rxd6 Rxd6 29. Nc4 Rd7 30. a4 b6 31. b4 b5 32. axb5 cxb5 33. Na3
Rd6 34. Rc8+ Kf7 35. Rc7+ Kg6 36. Rxa7 Rd1# 0-1

[Event "Alberta-ch U20"]
[Site "Red Deer CAN"]
[Date "2002.11.02"]
[Round "2"]
[White "Wang, Amanda"]
[Black "Culjaga, Marko"]
[Result "0-1"]
[WhiteElo "1142"]
[BlackElo "975"]
[PlyCount "64"]
[EventDate "2002.11.02"]
[EventType "swiss"]
[EventRounds "5"]
[EventCountry "CAN"]

1. Nf3 d5 2. e3 Nc6 3. Bb5 Bd7 4. d3 Nf6 5. O-O e6 6. Nc3 Bc5 7. e4 d4 8. Ne2
a6 9. Bxc6 Bxc6 10. Bg5 Qd7 11. Ne5 Qd6 12. Nf3 h6 13. e5 Qd8 14. exf6 gxf6 15.
Bh4 Bxf3 16. gxf3 Rg8+ 17. Bg3 Qd5 18. Nf4 Qg5 19. Ne2 O-O-O 20. c3 dxc3 21.
Nxc3 Bd6 22. Ne4 Qg6 23. Nxd6+ Rxd6 24. Kh1 b6 25. Rg1 Rxd3 26. Qe2 Qf5 27. f4
Rgd8 28. Rad1 Qd5+ 29. f3 Rxd1 30. Qxa6+ Kb8 31. h3 Qxf3+ 32. Kh2 R8d2+ 0-1

[Event "Alberta-ch U20"]
[Site "Red Deer CAN"]
[Date "2002.11.02"]
[Round "3"]
[White "Adolph, Joel"]
[Black "Canal, Richard"]
[Result "1/2-1/2"]
[WhiteElo "1793"]
[BlackElo "1817"]
[PlyCount "80"]
[EventDate "2002.11.02"]
[EventType "swiss"]
[EventRounds "5"]
[EventCountry "CAN"]

1. Nf3 Nf6 2. b3 g6 3. Bb2 Bg7 4. e4 O-O 5. e5 Nd5 6. c4 Nb6 7. c5 Nd5 8. Bc4
c6 9. Nc3 Nxc3 10. Bxc3 d6 11. cxd6 exd6 12. d4 dxe5 13. dxe5 Qc7 14. O-O Bg4
15. Re1 Nd7 16. Qd4 Bxf3 17. gxf3 Rad8 18. Qe3 Nb6 19. Bb4 Nxc4 20. bxc4 Rfe8
21. Bd6 Qa5 22. c5 b6 23. f4 Bh6 24. Bc7 Rd7 25. cxb6 axb6 26. Bxb6 Qa4 27. Qh3
Rb7 28. Qxh6 Rxb6 29. Re3 Qd4 30. Rf1 Rb2 31. Rh3 Re6 32. Qxh7+ Kf8 33. Qh6+
Ke8 34. Qg5 Kd7 35. Rh7 Re7 36. e6+ Rxe6 37. Rxf7+ Ke8 38. Rc7 Qd8 39. Rg7
Qxg5+ 40. fxg5 Rxa2 1/2-1/2

[Event "Alberta-ch U20"]
[Site "Red Deer CAN"]
[Date "2002.11.02"]
[Round "3"]
[White "Culjaga, Ivan"]
[Black "Kazakevich, Anastasia"]
[Result "0-1"]
[WhiteElo "1075"]
[BlackElo "1793"]
[PlyCount "86"]
[EventDate "2002.11.02"]
[EventType "swiss"]
[EventRounds "5"]
[EventCountry "CAN"]

1. e4 d5 2. Nc3 d4 3. Nb5 a6 4. Na3 e5 5. b3 Nf6 6. d3 Bb4+ 7. Ke2 Bc3 8. Rb1
Qe7 9. Nc4 b5 10. Nb2 O-O 11. a4 Bd7 12. Bd2 Qa3 13. Qc1 Bxb2 14. Qxb2 Qxb2 15.
Rxb2 bxa4 16. Nf3 axb3 17. Nxe5 Bb5 18. Rxb3 Nxe4 19. Bb4 Re8 20. f4 f6 21. Kf3
fxe5 22. Kxe4 Bc6+ 23. Kf5 g6+ 24. Kg4 exf4 25. Kxf4 Ba4 26. Rb2 Nd7 27. c3 c5
28. Ra2 Bb3 29. Ra3 cxb4 30. Rxb3 bxc3 31. Rb4 c2 32. Rc4 Rac8 33. Be2 Rxc4 34.
dxc4 Rxe2 35. Rc1 d3 36. Kf3 Rxg2 37. Ke3 d2 38. Rxc2 Rxh2 39. Rxd2 Rxd2 40.
Kxd2 a5 41. Kc3 a4 42. Kb4 h5 43. c5 Nxc5 0-1

[Event "Alberta-ch U20"]
[Site "Red Deer CAN"]
[Date "2002.11.02"]
[Round "3"]
[White "Gagnon, Josh"]
[Black "Dinca, Cornelia"]
[Result "0-1"]
[WhiteElo "1652"]
[BlackElo "1670"]
[PlyCount "62"]
[EventDate "2002.11.02"]
[EventType "swiss"]
[EventRounds "5"]
[EventCountry "CAN"]

1. e4 c5 2. Nc3 Nc6 3. f4 g6 4. Nf3 Bg7 5. Bc4 e6 6. O-O Nge7 7. a3 O-O 8. d3
d5 9. Ba2 a6 10. Qe1 Nd4 11. Nxd4 cxd4 12. Ne2 dxe4 13. dxe4 b5 14. Qh4 d3 15.
cxd3 Qxd3 16. Ng3 Nc6 17. Bb1 Qb3 18. f5 Bxb2 19. Bxb2 Qxb2 20. f6 Kh8 21. Qh6
Rg8 22. Rf4 Qc1+ 23. Kf2 e5 24. Rh4 Qxh6 25. Rxh6 Be6 26. Ba2 Bxa2 27. Rxa2
Rgd8 28. Rc2 Rd6 29. h4 Rxf6+ 30. Ke3 Nd4 31. Rc5 Kg7 0-1

[Event "Alberta-ch U20"]
[Site "Red Deer CAN"]
[Date "2002.11.02"]
[Round "3"]
[White "Kazmaier, Daniel"]
[Black "Eshleman, Brandon"]
[Result "1-0"]
[WhiteElo "1842"]
[BlackElo "1923"]
[PlyCount "75"]
[EventDate "2002.11.02"]
[EventType "swiss"]
[EventRounds "5"]
[EventCountry "CAN"]

1. e4 e5 2. Nf3 Nc6 3. Bb5 a6 4. Ba4 Nf6 5. O-O b5 6. Bb3 Be7 7. Re1 O-O 8. c3
d5 9. exd5 Nxd5 10. Nxe5 Nxe5 11. Rxe5 Bb7 12. d4 Nf6 13. Re1 h6 14. Bf4 Qd7
15. Nd2 Rfe8 16. a4 b4 17. Nf3 Nd5 18. Ne5 Qf5 19. Bg3 bxc3 20. Bc2 Qc8 21. Qd3
Nf6 22. Bh4 g5 23. Nxf7 Be4 24. Rxe4 Kxf7 25. Re5 Rg8 26. Rae1 Bd6 27. Bb3+ Kg7
28. Re7+ Bxe7 29. Rxe7+ Kh8 30. Bc2 Rg7 31. Rxg7 Qe8 32. Rh7+ Kg8 33. Qc4+ Kf8
34. Rh8+ Kg7 35. Rxe8 Rxe8 36. Qxc7+ Kg8 37. Qxc3 gxh4 38. f3 1-0

[Event "Alberta-ch U20"]
[Site "Red Deer CAN"]
[Date "2002.11.02"]
[Round "3"]
[White "Pradhan, Faruq"]
[Black "Culjaga, Marko"]
[Result "1-0"]
[WhiteElo "1182"]
[BlackElo "975"]
[PlyCount "67"]
[EventDate "2002.11.02"]
[EventType "swiss"]
[EventRounds "5"]
[EventCountry "CAN"]

1. e4 e5 2. Nf3 d6 3. Bc4 h6 4. Nc3 Bg4 5. d3 Nf6 6. h3 Bh5 7. O-O Nc6 8. Be3
Be7 9. Bb5 O-O 10. a3 a6 11. Ba4 b5 12. Bb3 b4 13. Nd5 bxa3 14. Rxa3 Qd7 15.
Nxf6+ Bxf6 16. Bd5 Rfb8 17. Rc3 Rxb2 18. Bxc6 Qd8 19. Bxa8 Qxa8 20. Rxc7 a5 21.
Ra7 Qd8 22. Qc1 Rb5 23. c4 Rb8 24. g4 Bg6 25. h4 Qc8 26. g5 Qg4+ 27. Kh2 Bh5
28. Qd1 Rb1 29. Qxb1 Qxf3 30. Qd1 Qxd1 31. Rxd1 Bxd1 32. gxf6 gxf6 33. Rxa5 Kg7
34. d4 1-0

[Event "Alberta-ch U20"]
[Site "Red Deer CAN"]
[Date "2002.11.02"]
[Round "3"]
[White "Rajchel, John"]
[Black "Fokkema, Jerred"]
[Result "1/2-1/2"]
[WhiteElo "1750"]
[BlackElo "1046"]
[PlyCount "83"]
[EventDate "2002.11.02"]
[EventType "swiss"]
[EventRounds "5"]
[EventCountry "CAN"]

1. e4 e5 2. Nf3 Nc6 3. Bb5 d6 4. h3 Nf6 5. Nc3 Bd7 6. d3 a6 7. Ba4 Na7 8. Bxd7+
Qxd7 9. Bg5 Be7 10. Bxf6 Bxf6 11. Nd5 Be7 12. Nxe7 Qxe7 13. O-O O-O 14. Nd2 c5
15. f4 Nb5 16. f5 f6 17. Nc4 Qc7 18. Ne3 Qc6 19. Nd5 Rae8 20. c3 Nc7 21. Qb3
Nxd5 22. Qxd5+ Qxd5 23. exd5 Rc8 24. c4 Rb8 25. a4 Rfe8 26. Rfe1 Re7 27. Re2
Rbe8 28. Rae1 Rb8 29. b3 b5 30. axb5 axb5 31. Ra1 bxc4 32. bxc4 h6 33. Ra6 Rd7
34. Rea2 Kh7 35. Kf2 h5 36. g4 Kh6 37. Ra7 Rbd8 38. Rxd7 Rxd7 39. Ra6 Kg5 40.
Kg3 hxg4 41. hxg4 g6 42. Ra8 1/2-1/2

[Event "Alberta-ch U20"]
[Site "Red Deer CAN"]
[Date "2002.11.03"]
[Round "4"]
[White "Canal, Richard"]
[Black "Rajchel, John"]
[Result "1-0"]
[WhiteElo "1817"]
[BlackElo "1750"]
[PlyCount "55"]
[EventDate "2002.11.02"]
[EventType "swiss"]
[EventRounds "5"]
[EventCountry "CAN"]

1. d4 Nf6 2. c4 e5 3. dxe5 Ng4 4. e4 Nxe5 5. f4 Bb4+ 6. Nd2 Nec6 7. a3 Bxd2+ 8.
Bxd2 d6 9. Bc3 f6 10. Qh5+ Ke7 11. O-O-O Qe8 12. Qh4 Qg6 13. e5 dxe5 14. fxe5
Kf7 15. exf6 gxf6 16. Bd3 Bf5 17. Rf1 Ne7 18. g4 Qxg4 19. Qxf6+ Ke8 20. Qxh8+
Kd7 21. Bxf5+ Nxf5 22. Qxh7+ Kc6 23. Qxf5 Qg2 24. Qf3+ Qxf3 25. Nxf3 Nd7 26.
Ne5+ Nxe5 27. Bxe5 Re8 28. Bd4 1-0

[Event "Alberta-ch U20"]
[Site "Red Deer CAN"]
[Date "2002.11.03"]
[Round "4"]
[White "Culjaga, Marko"]
[Black "Culjaga, Ivan"]
[Result "0-1"]
[WhiteElo "975"]
[BlackElo "1075"]
[PlyCount "64"]
[EventDate "2002.11.02"]
[EventType "swiss"]
[EventRounds "5"]
[EventCountry "CAN"]

1. e4 e5 2. Nf3 Nc6 3. d3 Nf6 4. Nc3 Bb4 5. Bd2 Nd4 6. Be2 Nxe2 7. Qxe2 d6 8.
O-O O-O 9. a3 Ba5 10. b4 Bb6 11. Be3 Bxe3 12. Qxe3 Ng4 13. Qe1 Qf6 14. Nd5 Qd8
15. Qc3 c6 16. Ne3 Qf6 17. Nxg4 Bxg4 18. d4 Rfe8 19. dxe5 dxe5 20. Nd2 Qg6 21.
g3 Bh3 22. Rfd1 f6 23. Qd3 Rad8 24. Qc4+ Qf7 25. Qc5 a6 26. Nf1 Rxd1 27. Rxd1
Qh5 28. Rd7 Bxd7 29. Qb6 Bh3 30. Ne3 f5 31. exf5 Bxf5 32. Nxf5 Qd1+ 0-1

[Event "Alberta-ch U20"]
[Site "Red Deer CAN"]
[Date "2002.11.03"]
[Round "4"]
[White "Dinca, Cornelia"]
[Black "Kazmaier, Daniel"]
[Result "0-1"]
[WhiteElo "1670"]
[BlackElo "1842"]
[PlyCount "72"]
[EventDate "2002.11.02"]
[EventType "swiss"]
[EventRounds "5"]
[EventCountry "CAN"]

1. e4 e6 2. d4 d5 3. exd5 exd5 4. Bd3 Nf6 5. Nf3 Bd6 6. O-O O-O 7. Bg5 h6 8.
Bh4 Bg4 9. Nbd2 Nbd7 10. Re1 c6 11. c3 Qc7 12. Nf1 Rfe8 13. Rxe8+ Rxe8 14. h3
Bh5 15. Bg3 Ne4 16. Bxd6 Qxd6 17. g4 Bg6 18. Qc2 Qf4 19. Qe2 f5 20. Qe3 Qd6 21.
Nh4 fxg4 22. hxg4 Nxf2 23. Qxf2 Bxd3 24. Ng3 Nf6 25. Qf3 Be4 26. Nxe4 Rxe4 27.
Nf5 Qe6 28. Rf1 Rxg4+ 29. Kh1 Qe4 30. Nd6 Rh4+ 31. Kg1 Qg6+ 32. Kf2 Rh2+ 33.
Ke1 Qb1+ 34. Qd1 Qxb2 35. Qd3 Qc1+ 36. Qd1 Qxc3+ 0-1

[Event "Alberta-ch U20"]
[Site "Red Deer CAN"]
[Date "2002.11.03"]
[Round "4"]
[White "Eshleman, Brandon"]
[Black "Gagnon, Josh"]
[Result "1/2-1/2"]
[WhiteElo "1923"]
[BlackElo "1652"]
[PlyCount "121"]
[EventDate "2002.11.02"]
[EventType "swiss"]
[EventRounds "5"]
[EventCountry "CAN"]

1. e4 c5 2. Nf3 Nc6 3. Bb5 e6 4. O-O Nge7 5. Re1 a6 6. Bf1 d5 7. exd5 Nxd5 8.
d4 Be7 9. c3 cxd4 10. Nxd4 Nxd4 11. Qxd4 O-O 12. Nd2 Bd7 13. Nf3 Rc8 14. Bd3
Bc5 15. Qg4 Nf6 16. Qh4 Re8 17. Bg5 h6 18. Bxf6 Qxf6 19. Qe4 Bc6 20. Qh7+ Kf8
21. Be4 Bxe4 22. Qxe4 b6 23. Rad1 Rcd8 24. b4 Bd6 25. Qc6 Be7 26. Rxd8 Bxd8 27.
Ne5 Qe7 28. Nd7+ Kg8 29. Nxb6 Bxb6 30. Qxb6 Qf6 31. Qd4 Qxd4 32. cxd4 Rc8 33.
g3 Rc4 34. Rb1 Rxd4 35. a4 Kf8 36. b5 axb5 37. axb5 Rd7 38. b6 Rb7 39. Kg2 Ke7
40. Kf3 Kd6 41. Ke4 f6 42. f4 Kc6 43. g4 Rxb6 44. Rc1+ Kd7 45. Rc4 Rc6 46. Ra4
Kd6 47. Rd4+ Ke7 48. h4 g6 49. Ra4 f5+ 50. gxf5 exf5+ 51. Ke5 Re6+ 52. Kd5 Re4
53. Rxe4+ fxe4 54. Kxe4 Ke6 55. Kf3 Kf5 56. Kg3 Kf6 57. Kg4 h5+ 58. Kg3 Ke6 59.
Kf2 Kf5 60. Kf3 Kf6 61. Ke4 1/2-1/2

[Event "Alberta-ch U20"]
[Site "Red Deer CAN"]
[Date "2002.11.03"]
[Round "4"]
[White "Fokkema, Jerred"]
[Black "Pradhan, Faruq"]
[Result "1/2-1/2"]
[WhiteElo "1046"]
[BlackElo "1182"]
[PlyCount "140"]
[EventDate "2002.11.02"]
[EventType "swiss"]
[EventRounds "5"]
[EventCountry "CAN"]

1. e4 e5 2. Nf3 Nc6 3. Bc4 Bc5 4. Ng5 d5 5. exd5 Nb4 6. d3 Nxd5 7. Nc3 Ngf6 8.
Nxd5 Nxd5 9. Qf3 Be6 10. O-O h6 11. Nxe6 fxe6 12. Qh5+ Kf8 13. Qxe5 Qd6 14.
Qxd6+ Bxd6 15. Be3 Kf7 16. Rfe1 Rhe8 17. Re2 Re7 18. Rae1 Rae8 19. Bd2 Bf4 20.
Bxd5 Bxd2 21. Rxd2 exd5 22. Rxe7+ Rxe7 23. Kf1 c5 24. d4 c4 25. b3 cxb3 26.
cxb3 b5 27. Rd3 Rc7 28. Rd2 Rc1+ 29. Ke2 Rh1 30. Rc2 Rxh2 31. Rc7+ Kf8 32. Rxa7
Rxg2 33. Ra8+ Kf7 34. Kf3 Rg6 35. Ra7+ Kf8 36. Rb7 Rf6+ 37. Kg2 Rf4 38. Rxb5
Rxd4 39. a4 Rd2 40. a5 d4 41. a6 Ra2 42. Rb8+ Kf7 43. Rb7+ Kf8 44. a7 d3 45.
a8=Q+ Rxa8 46. Rd7 d2 47. Rxd2 Rb8 48. Rb2 g5 49. Kh3 Rb4 50. f3 Kg7 51. Kg3
Kg6 52. Kh3 h5 53. Kg3 h4+ 54. Kh3 Kh5 55. Kg2 g4 56. fxg4+ Rxg4+ 57. Kh1 h3
58. b4 Kh4 59. b5 Rg7 60. Kh2 Rf7 61. Rb4+ Kg5 62. Kg3 h2 63. Rg4+ Kf6 64. Rf4+
Ke6 65. Re4+ Kd6 66. Kxh2 Kc5 67. Re5+ Kb6 68. Rh5 Rf2+ 69. Kg3 Rb2 70. Rh6+
Kxb5 1/2-1/2

[Event "Alberta-ch U20"]
[Site "Red Deer CAN"]
[Date "2002.11.03"]
[Round "4"]
[White "Kazakevich, Anastasia"]
[Black "Adolph, Joel"]
[Result "1-0"]
[WhiteElo "1793"]
[BlackElo "1793"]
[PlyCount "33"]
[EventDate "2002.11.02"]
[EventType "swiss"]
[EventRounds "5"]
[EventCountry "CAN"]

1. d4 Nf6 2. c4 g6 3. Nc3 d5 4. cxd5 Nxd5 5. e4 Nxc3 6. bxc3 Bg7 7. Nf3 c5 8.
Be3 Nc6 9. Be2 O-O 10. O-O cxd4 11. cxd4 Bg4 12. e5 Qa5 13. Qb3 Rfc8 14. Ng5
Bxe2 15. Nxf7 Nxd4 16. Nh6+ Kh8 17. Qg8+ 1-0

[Event "Alberta-ch U20"]
[Site "Red Deer CAN"]
[Date "2002.11.03"]
[Round "4"]
[White "Wang, Amanda"]
[Black "Pradhan, Sarah"]
[Result "1-0"]
[WhiteElo "1142"]
[BlackElo "890"]
[PlyCount "109"]
[EventDate "2002.11.02"]
[EventType "swiss"]
[EventRounds "5"]
[EventCountry "CAN"]

1. Nf3 d5 2. e3 Nc6 3. Bb5 Bd7 4. O-O a6 5. Bxc6 Bxc6 6. Nc3 d4 7. Nxd4 e5 8.
Nxc6 bxc6 9. d3 Bb4 10. Rb1 Bxc3 11. bxc3 Rb8 12. Ba3 Nf6 13. Qd2 Rb5 14. Rb3
e4 15. Rd1 Rd5 16. Rdb1 Rb5 17. c4 Rb6 18. Bc5 Rxb3 19. Rxb3 h6 20. Qb4 Nh7 21.
Qb8 Kd7 22. Qa7 Qa8 23. Qxa8 Rxa8 24. Kf1 exd3 25. cxd3 f5 26. Ke2 g5 27. Kf3
h5 28. e4 fxe4+ 29. Kxe4 Nf8 30. Kf5 a5 31. Kxg5 Ne6+ 32. Kxh5 Nxc5 33. Rc3 Rg8
34. g4 Ne6 35. Ra3 Nc5 36. Rxa5 Nxd3 37. f3 Nf4+ 38. Kh6 Rg6+ 39. Kh7 Rf6 40.
g5 Rf7+ 41. Kh8 Ng6+ 42. Kg8 Rf8+ 43. Kg7 Ke6 44. Kxg6 Rxf3 45. Kg7 Rf7+ 46.
Kh6 Ke7 47. g6 Rf8 48. Kh7 Kf6 49. Ra3 Rc8 50. Rf3+ Ke7 51. g7 Rd8 52. g8=Q
Rxg8 53. Kxg8 Kd6 54. a4 c5 55. Rb3 1-0

[Event "Alberta-ch U20"]
[Site "Red Deer CAN"]
[Date "2002.11.03"]
[Round "5"]
[White "Adolph, Joel"]
[Black "Wang, Amanda"]
[Result "1-0"]
[WhiteElo "1793"]
[BlackElo "1142"]
[PlyCount "95"]
[EventDate "2002.11.02"]
[EventType "swiss"]
[EventRounds "5"]
[EventCountry "CAN"]

1. e4 c6 2. d4 d5 3. exd5 cxd5 4. Bd3 Nf6 5. Bf4 Nc6 6. c3 e6 7. Nf3 Bd6 8. Ne5
Bd7 9. Nd2 O-O 10. h3 Qc7 11. Ndf3 Rac8 12. Qc2 Rfe8 13. g4 Ne7 14. g5 Nh5 15.
Bxh7+ Kf8 16. Bh2 Qd8 17. g6 Bxe5 18. Nxe5 f6 19. Nf7 Qb6 20. Nd6 Rcd8 21. Nxe8
Kxe8 22. Qe2 Ng3 23. Bxg3 Bb5 24. Qc2 Nf5 25. O-O-O Nxg3 26. fxg3 Qa6 27. b3
Rc8 28. a4 Qa5 29. Kb2 Ba6 30. b4 Qb6 31. b5 Rc4 32. Rd3 Rxa4 33. Qxa4 Bxb5 34.
Qb4 Bxd3 35. Qxb6 axb6 36. h4 Ke7 37. h5 Be4 38. Rh2 Kf8 39. Kb3 Bd3 40. Kb4 e5
41. dxe5 fxe5 42. Rf2+ Ke7 43. Rf7+ Ke8 44. Rxb7 e4 45. Rf7 e3 46. Rf3 e2 47.
Re3+ Kf8 48. h6 1-0

[Event "Alberta-ch U20"]
[Site "Red Deer CAN"]
[Date "2002.11.03"]
[Round "5"]
[White "Culjaga, Ivan"]
[Black "Fokkema, Jerred"]
[Result "1/2-1/2"]
[WhiteElo "2500"]
[BlackElo "2500"]
[PlyCount "60"]
[EventDate "2002.11.02"]
[EventType "swiss"]
[EventRounds "5"]
[EventCountry "CAN"]

1. e4 e5 2. Nf3 Nc6 3. Bb5 Bc5 4. Bxc6 dxc6 5. Nxe5 Qd4 6. Nd3 Qxe4+ 7. Qe2
Qxe2+ 8. Kxe2 Bb6 9. b3 Bf5 10. Bb2 f6 11. Re1 O-O-O 12. Nc3 Nh6 13. Na4 Rhe8+
14. Kd1 Rxe1+ 15. Kxe1 Bxd3 16. cxd3 Rxd3 17. Nxb6+ cxb6 18. Ke2 Rd5 19. Re1
Ng4 20. h3 Nxf2 21. Kxf2 Rxd2+ 22. Kg1 Rxb2 23. Re7 Rxa2 24. Rxg7 Ra1+ 25. Kh2
Rb1 26. Rxh7 Rxb3 27. Rh8+ Kc7 28. Rh7+ Kc8 29. Rh8+ Kd7 30. Rh7+ Kc8 1/2-1/2

[Event "Alberta-ch U20"]
[Site "Red Deer CAN"]
[Date "2002.11.03"]
[Round "5"]
[White "Gagnon, Josh"]
[Black "Kazakevich, Anastasia"]
[Result "1-0"]
[WhiteElo "1652"]
[BlackElo "1793"]
[PlyCount "71"]
[EventDate "2002.11.02"]
[EventType "swiss"]
[EventRounds "5"]
[EventCountry "CAN"]

1. e4 c6 2. d4 d5 3. exd5 cxd5 4. Bd3 Nc6 5. c3 Nf6 6. Bf4 g6 7. Nf3 Bg7 8.
Nbd2 Bf5 9. Bxf5 gxf5 10. Ne5 O-O 11. Ndf3 Ne4 12. Nxc6 bxc6 13. O-O Rc8 14.
Nd2 Kh8 15. Nxe4 fxe4 16. f3 exf3 17. Rxf3 Rg8 18. Rh3 Bf6 19. Qh5 Rg7 20. Bh6
Rg6 21. Bf8 h6 22. Bxh6 Kg8 23. Rf1 Qe8 24. Rxf6 exf6 25. Bd2 Kf8 26. Qh8+ Ke7
27. Re3+ Kd7 28. Rxe8 Rxe8 29. Qh3+ Kd8 30. Qd3 Reg8 31. g3 Kd7 32. Qa6 Rc8 33.
Qxa7+ Rc7 34. Qc5 Rg8 35. Bf4 Rcc8 36. Qd6+ 1-0

[Event "Alberta-ch U20"]
[Site "Red Deer CAN"]
[Date "2002.11.03"]
[Round "5"]
[White "Kazmaier, Daniel"]
[Black "Canal, Richard"]
[Result "0-1"]
[WhiteElo "1842"]
[BlackElo "1817"]
[PlyCount "118"]
[EventDate "2002.11.02"]
[EventType "swiss"]
[EventRounds "5"]
[EventCountry "CAN"]

1. e4 c5 2. c3 d5 3. exd5 Qxd5 4. Nf3 Nf6 5. d4 Bg4 6. Be2 e6 7. Be3 cxd4 8.
cxd4 Nc6 9. Nc3 Bb4 10. O-O Bxc3 11. bxc3 O-O 12. h3 Bh5 13. Qc2 Rac8 14. c4
Qd6 15. Rfd1 Bxf3 16. Bxf3 Na5 17. c5 Qd7 18. d5 Nxd5 19. Bxd5 exd5 20. Qd2 Nc4
21. Qxd5 Qxd5 22. Rxd5 Nxe3 23. fxe3 Rc7 24. Rad1 g6 25. Rd7 Rfc8 26. Rd8+ Rxd8
27. Rxd8+ Kg7 28. Ra8 a6 29. Rd8 Rxc5 30. Rd2 Ra5 31. Rb2 b5 32. Kf2 Ra4 33.
Ke2 Ra3 34. Kf3 Kf6 35. Ke4 Ke6 36. g4 Ra4+ 37. Kf3 b4 38. h4 h6 39. Rc2 a5 40.
h5 Ra3 41. hxg6 fxg6 42. Rh2 h5 43. gxh5 gxh5 44. Kf4 a4 45. e4 h4 46. e5 h3
47. Ke4 Rg3 48. Kd4 Rg2 49. Rxh3 Rxa2 50. Rh6+ Ke7 51. Rb6 Rb2 52. Kc4 a3 53.
Ra6 a2 54. Kd3 b3 55. Kd4 Rb1 56. Ra7+ Ke6 57. Ra6+ Kf5 58. Kd3 a1=Q 59. Rxa1
Rxa1 0-1

[Event "Alberta-ch U20"]
[Site "Red Deer CAN"]
[Date "2002.11.03"]
[Round "5"]
[White "Pradhan, Faruq"]
[Black "Dinca, Cornelia"]
[Result "0-1"]
[WhiteElo "1182"]
[BlackElo "1670"]
[PlyCount "82"]
[EventDate "2002.11.02"]
[EventType "swiss"]
[EventRounds "5"]
[EventCountry "CAN"]

1. e4 c5 2. Nf3 d6 3. d4 cxd4 4. Nxd4 Nf6 5. Nc3 Nc6 6. Be3 Ng4 7. Qf3 Qb6 8.
Nb3 Nxe3 9. Qxe3 Qxe3+ 10. fxe3 Bd7 11. Bb5 O-O-O 12. O-O f6 13. a4 a6 14. Bxc6
Bxc6 15. Na5 d5 16. Nxc6 bxc6 17. exd5 cxd5 18. Rfd1 e6 19. e4 d4 20. Ne2 Bc5
21. Kh1 e5 22. Rd2 Rd6 23. Rad1 Rb6 24. b3 Bb4 25. Rd3 Rc6 26. Rc1 Ba3 27. Rcd1
Rxc2 28. Ng3 Rd8 29. Nf5 Rd7 30. Rb1 Rdc7 31. Rdd1 g6 32. Ng3 Rf2 33. Kg1 Rcc2
34. Nf1 Rxg2+ 35. Kh1 Rge2 36. Re1 Rxe1 37. Rxe1 Rb2 38. Rc1+ Kb7 39. Ra1 Bb4
40. Ng3 Rxb3 41. h4 Rxg3 0-1